000 00686nam a2200205Ia 4500
003 GCL
008 140319s9999 xx 000 0 ara d
040 _aGCL /
_cGCL
082 0 4 _a665
_bف ص
100 1 _aفؤاد عبدالعزيز احمد الشيخ
245 1 0 _aصناعة الزيوت والدهون ,ط 1 /
_cفؤاد عبدالعزيز احمد الشيخ
260 _a[S.N] :
_bدار النشر للجامعات المصرية ،
_c1993
300 _a460 ص
490 _a
650 0 4 _aالصناعات الغذائية
650 0 4 _aصناعة الزيوت
650 0 4 _aالاحماض الدهنية
650 0 4 _aالزيوت والدهون
942 _2ddc
_cBK
999 _c36963
_d36963